Brawlers Lendários - Statistics

Estatísticas Gerais
  • Esse quiz foi jogado 75 vezes
  • A pontuação média é 10 de 12
Estatísticas das Respostas
Resposta % Correto
Corvo
98%
Spike
98%
Leon
93%
Kenji
88%
Kit
88%
Amber
86%
Chester
84%
Sandy
81%
Meg
79%
Wattson
79%
Draco
76%
Cordelius
74%
Nenhum quiz correspondente encontrado
Distribuição das Pontuações
Porcentagem de Pessoas com Cada Pontuação
Percentil de Números Respondidos
Sua Pontuação Histórica
Você não jogou esse quiz